000 00887cab a2200313 4500
001 ABS54284
008 090401t1996 xxu||||| |||| 00| 0 eng d
035 _a(Sirsi) u9540
041 _aeng
245 _aEstates Times survey: Berkshire
260 _c1996
350 _a0
490 _aEstates Times
_v(1310) 2 february 1996, 9-21(12)
650 _aBRACKNELL
650 _aINDUSTRIAL MARKET
650 _aLEGOLAND
650 _aLEISURE PARKS
650 _aMAIDENHEAD
650 _aPROPERTY-COMMERCIAL PROPERTY-OFFICE PROPERTY-OFFICE PROPERTY MARKET
650 _aREADING
650 _aPROPERTY-COMMERCIAL PROPERTY-RETAIL PROPERTY-RETAIL PROPERTY MARKET
650 _aRETAIL WAREHOUSING
650 _aSLOUGH
650 _aWINDSOR
650 _aWOKINGHAM
690 _aPROPERTY-COMMERCIAL PROPERTY-COMMERCIAL PROPERTY MARKET
942 _n0
948 _c04/03/1997
999 _c5977
_d5977